Schriftkultur und Landesgeschichte. - Köln [u.a.] : Böhlau. - 1997 [Rezension]

Titel: Schriftkultur und Landesgeschichte. - Köln [u.a.] : Böhlau. - 1997 [Rezension]
Verfasser:
In: Beiträge zur Geschichte Westpreußens, Band 16 (1999), Seite 261-263
alle Artikel anzeigen
Veröffentlicht: 1999
Format: Aufsatz
Sprache: Deutsch
Kein Bild verfügbar
X
alg: 39504737
001A    $01999:12-11-16 
001B    $01999:01-06-17 $t18:17:50.000 
001D    $01999:12-11-16 
001U    $0utf8 
001X    $00 
002@    $0Aox 
003@    $0395047374 
007A    $0395047374 $aHEB 
007T    $0Herd25029 
010@    $ager 
011@    $a1999 
021A    $aSchriftkultur und Landesgeschichte. - Köln {[u.a.] : Böhlau. -  1997 [Rezension] 
028A    $#Jähnig, Bernhart Arnulf $7122464400 $8Jähnig, Bernhart$Z1941- [Tp1] $910139912X 
031A    $d16 $h261-263 $j1999 
039B    $aIn $8--Abvc--. Beiträge zur Geschichte Westpreußens. - Münster, Westf. : Nicolaus-Copernicus-Verl., 1967-2008. - ISSN 0341-9436 $x199900000160000739 $9046826319 
039T    $8--Aau--. Schriftkultur und Landesgeschichte. - Köln : Böhlau, 1997. - 253 Seiten. - ISBN 3-412-05697-9 $905416205X 
045T    $a8,1 

lok: 39504737 78

exp: 39504737 78 1 #EPN
201B/01 $018-11-16 $t13:35:00.000 
201U/01 $0utf8 
203@/01 $079134598X 
208@/01 $a12-11-16 $be 
209A/01 $a/ $f000 $x00 
220C/01 $aTitelaufnehmer: ej;gm 
244Z/01 $2Trx $#arvustused $#recenzijos $#Reviews $#recenziók $#recenzje $#recenzie $#recenze $8--Trx--Rezensionen $x01 $9391357441 
247C/01 $82080>Marburg/Lahn, Herder-Institut, Forschungsbibliothek, Bibliographieportal $9336309341
LEADER 00000caa a22000002c 4500
001 395047374
003 DE-603
005 20170601181750.0
007 tu
008 161112s1999 xx |||| | u00||u|ger c
035 |a (DE-599)HEB395047374 
040 |a DE-603  |b ger  |c DE-603  |d DE-603 
041 |a ger 
084 |a 8,1  |2 ssgn 
100 1 |a Jähnig, Bernhart  |d 1941-  |0 (DE-603)10139912X  |0 (DE-588)122464400  |2 gnd 
245 0 0 |a Schriftkultur und Landesgeschichte. - Köln ˜[u.a.] œ: Böhlau. - 1997 [Rezension] 
264 0 |c 1999 
773 0 8 |i In  |t Beiträge zur Geschichte Westpreußens  |d Münster, Westf. : Nicolaus-Copernicus-Verl., 1967-2008  |h 24 cm  |x 0341-9436  |g Band 16 (1999), Seite 261-263  |w (DE-603)046826319  |w (DE-600)731-6 
787 0 8 |i Rezension von  |t Schriftkultur und Landesgeschichte  |d Köln : Böhlau, 1997  |h 253 Seiten  |z 3412056979  |w (DE-603)05416205X 
924 0 |9 2080  |a (DE-603)79134598X  |b DE-2080  |c HES  |d d  |g /